| 000 | 01048cam a2200217 4500 | ||
|---|---|---|---|
| 001 | WB3917-16 | ||
| 008 | 030508n2003 000 0 eng u | ||
| 035 | _a(Sirsi) u122220 | ||
| 245 | _aState of the countryside 2003 | ||
| 260 | _c2003 | ||
| 490 |
_aCountryside Agency Press Release _v(16/2003) 7 May 2003 (2) |
||
| 520 | _aCountryside Agency's fifth annual "State of the countryside" report reveals that more than 90% of people, both rural and urban, want to maintain the countryside as it is. However the report shows that the English countryside continues to change and rural areas could lose out as the digital divide widens between town and country. http://www.gnn.gov.uk/gnn/national.nsf/Daily+News/4E746B50CF9EA5A480256D1F00572EDD?opendocument Report is available at www.countryside.gov.uk/stateofthecountryside. | ||
| 590 | _aWB | ||
| 650 | _aCOUNTRYSIDE AGENCY | ||
| 650 | _aRESEARCH PAPERS | ||
| 650 | _aDIGITAL TECHNOLOGY | ||
| 650 | _aRURAL ECONOMY | ||
| 650 | _aECONOMIC ANALYSIS | ||
| 690 |
_aRural _96268 |
||
| 942 | _n0 | ||
| 999 |
_c72639 _d72639 |
||